|
|
|
|
| LEADER |
01818cas a2200253 a 4500 |
| 001 |
AALejournalIMF006164 |
| 008 |
230101c9999 xx r poo 0 0eng d |
| 020 |
|
|
|c 5.00 USD
|
| 020 |
|
|
|z 9781451874099
|
| 022 |
|
|
|a 1018-5941
|
| 040 |
|
|
|a BD-DhAAL
|c BD-DhAAL
|
| 100 |
1 |
|
|a Di Bella, Gabriel.
|
| 245 |
1 |
0 |
|a Investment-Specific Productivity Growth :
|b Chile in a Global Perspective /
|c Gabriel Di Bella, Martin Cerisola.
|
| 264 |
|
1 |
|a Washington, D.C. :
|b International Monetary Fund,
|c 2009.
|
| 300 |
|
|
|a 1 online resource (16 pages)
|
| 490 |
1 |
|
|a IMF Working Papers
|
| 500 |
|
|
|a <strong>Off-Campus Access:</strong> No User ID or Password Required
|
| 500 |
|
|
|a <strong>On-Campus Access:</strong> No User ID or Password Required
|
| 506 |
|
|
|a Electronic access restricted to authorized BRAC University faculty, staff and students
|
| 520 |
3 |
|
|a By the end of 2007, Chile's total factor productivity was lower than ten years earlier, a performance that contrasted sharply with the previous decade, when productivity grew by a cumulative 30 percent. This paper assesses productivity trends in Chile, by decomposing productivity into investment-specific technological change (associated with improvements in the quality of capital) and neutral technological change (related to the organization of productive activities). It concludes that investment-specific technological improvements have contributed significantly to long-term growth in Chile, in line with trends observed in other net commodity exporters, while neutral technological change has been slow.
|
| 538 |
|
|
|a Mode of access: Internet
|
| 700 |
1 |
|
|a Cerisola, Martin.
|
| 830 |
|
0 |
|a IMF Working Papers; Working Paper ;
|v No. 2009/264
|
| 856 |
4 |
0 |
|z Full text available on IMF
|u http://elibrary.imf.org/view/journals/001/2009/264/001.2009.issue-264-en.xml
|z IMF e-Library
|